Cidades com Mais Embaixadas Estrangeiras - Statistics

Estatísticas Gerais
  • Esse quiz foi jogado 3 987 vezes
  • A pontuação média é 14 de 21
Estatísticas das Respostas
# Cidade % Correto
158 Paris
94%
177 Washington D.C.
91%
168 Londres
90%
121 Madrid
90%
131 Brasília
88%
148 Moscou
88%
153 Tóquio
88%
160 Berlim
87%
166 Pequim
86%
140 Roma
86%
130 Ottawa
70%
110 Seul
64%
150 Nova Deli
59%
141 Cairo
58%
183 Bruxelas
57%
107 Estocolmo
43%
117 Viena
43%
125 Ancara
33%
133 Pretória
27%
107 Haia
9%
108 Adis Abeba
7%
Nenhum quiz correspondente encontrado
Distribuição das Pontuações
Porcentagem de Pessoas com Cada Pontuação
Percentil de Números Respondidos
Sua Pontuação Histórica
Você não jogou esse quiz